000 00355nam a2200157Ia 4500
001 24549
003 IN-NITTTR
005 20251114233314.0
008 251113s9999||||xx |||||||||||||| ||eng||
040 _beng
040 _cIN-NITTTR
041 _aeng
082 _a915.46 J22
245 0 _aJammu & Kashmir :
_b reference guide book. /
942 _2ddc
_cBK
999 _c27178
_d27178